=LDR 00000nam 2200000 4500 =001 INLIS000000000045817 =005 20150211071800.0 =006 =007 =008 =020 ##$$a 978-979-010-453-2 =035 ##$$0010-021500000000377 =040 ##$$a NBPDMAT =082 ##$$a 028.5 =090 ##$$a 028.5 $b Bun s =100 ##$$a Bunda Nanit =245 ##$$a Sanah si Tanah $c Bundo Nanit dan Jodhi p. Girianso =250 ##$$a Cet.1 =260 ##$$a Jakarta $b Bumi aksara $c 2008 =300 ##$$a 32 hlm. : $b ilus. ; $c 19 cm. =650 ##$$a Bacaan Kanak-Kanak =850 ##$$a NBPDMAT =990 ##$$a 0001/BPAP-NTB/20142015 =990 ##$$a 0001/BPAP-NTB/20142015 =990 ##$$a 0001/BPAP-NTB/20142015 =990 ##$$a 0001/BPAP-NTB/20142015 =990 ##$$a 0001/BPAP-NTB/20142015